| 000 | 00684nab a2200217 a 4500 | ||
|---|---|---|---|
| 005 | 20210219155756.0 | ||
| 008 | 991125s1985 mx 000 0 spa u | ||
| 035 | _aUPN01000151873 | ||
| 100 | 1 | _aFéres Carneiro, Terezinha | |
| 222 | 0 | _aCULTURA Y EDUCACION : REVISTA DE TEORIA, INVESTIGACION Y PRACTICA | |
| 245 | 0 | 0 | _aConyugalidad de los padres y proyectos de vida de los hijos frente al matrimonio |
| 260 | _aMadrid, España | ||
| 300 | _a95-108 | ||
| 362 | 0 | _a2006 Vol. 18, no. 1, mar. | |
| 653 | 0 | _aMATRIMONIO | |
| 653 | 0 | _aPROYECTO DE VIDA | |
| 653 | 0 | _aADOLESCENTES | |
| 700 | 1 |
_aSeixas, Andrea, _bcoaut. |
|
| 700 | 1 |
_aZiviani, Cílio, _bcoaut. |
|
| 905 | _aArticulo | ||
| 999 |
_c124008 _d124008 |
||